000 00337nam a2200133Ia 4500
008 150301s2015 xx 000 0 und d
082 _a615.7
_bB10G
100 _aGIBALDI, MILO
245 _aBIOPHARMACEUTICS AND CLINICAL PHARMACOKICETICS
260 _bPHARMA MED PRESS
300 _a406
650 _aPHARMACEUTICS
942 _2ddc
_cBK
_01
999 _c7290
_d7290